[Event "FRA-chT U20 0203"]
[Site "Clichy"]
[Date "2003.05.04"]
[Round "11.10"]
[White "Saatdjian, Stephane"]
[Black "Lemeille, Francois"]
[Result "1-0"]
[WhiteElo "1430"]
[BlackElo "1250"]
[PlyCount "77"]
[EventDate "2002.12.??"]
[EventType "team"]
[EventRounds "11"]
[EventCountry "FRA"]
[SourceTitle "EXT 2004"]
[Source "ChessBase"]
[SourceDate "2003.11.25"]
[SourceVersion "1"]
[SourceVersionDate "2003.11.25"]
[SourceQuality "1"]
[WhiteTeam "Nancy"]
[BlackTeam "Bois Colombes"]
[WhiteTeamCountry "FRA"]
[BlackTeamCountry "FRA"]

1. e4 e5 2. Nc3 Nf6 3. Bc4 Bc5 4. d3 Nc6 5. f4 d6 6. Nf3 0-0 7. Na4 Bg4 8. Nxc5 dxc5 9. 0-0 Nd4 10. fxe5 Nxf3+ 11. gxf3 Bh3 12. exf6 Bxf1 13. Qxf1 Qxf6 14. Be3 Qg6+ 15. Kh1 b6 16. Qg1 Qh5 17. Qg2 Rae8 18. Rg1 g6 19. Qg5 Qxf3+ 20. Rg2 Qf1+ 21. Rg1 Qf3+ 22. Rg2 Qd1+ 23. Bg1 Qf3 24. Qe3 Qf6 25. c3 Qh4 26. Qg3 Qf6 27. Be3 Re7 28. Bg5 Qe5 29. Bxe7 Qxe7 30. Qg5 Qd6 31. e5 Qc6 32. Qf6 Qb7 33. Kg1 Qc8 34. Rf2 Qg4+ 35. Kh1 Qd1+ 36. Rf1 Qg4 37. Bxf7+ Rxf7 38. Qxf7+ Kh8 39. Qf8# 1-0